[Event "National interclub championship"]
[Site "Brussels"]
[Date "1998.01.25"]
[Round "8"]
[White "Tonoli, Walter"]
[Black "Docx, Stefan"]
[Result "1-0"]
[WhiteElo "2240"]
[BlackElo "2265"]
[Board "5"]
[WhiteTeam "CC Anderlecht"]
[BlackTeam "K Antwerp SK"]
[WhiteTitle "FM"]
[BlackTitle "FM"]
[PlyCount "105"]
[EventDate "1997.10.05"]
[Source "BelgaBase"]

1. c4 g6 2. g3 Bg7 3. Bg2 d6 4. Nc3 f5 5. e3 Nf6 6. Nge2 O-O 7. O-O e5 8. d3
Nc6 9. Rb1 Be6 10. b4 Qd7 11. b5 Nd8 12. Qb3 Bf7 13. Ba3 Re8 14. e4 Rb8 15. Qc2
Ne6 16. Na4 f4 17. gxf4 Nxf4 18. Nxf4 exf4 19. c5 Qg4 20. f3 Qe6 21. d4 d5 22.
e5 Nh5 23. c6 b6 24. Nc3 g5 25. Qb3 Bh8 26. Kh1 Qh6 27. Rf2 Ng3+ 28. Kg1 Nf5
29. Ne2 Be6 30. Bc1 Ra8 31. Bf1 Bg7 32. a4 Bf8 33. Bd2 Kf7 34. Qd3 Be7 35. Nc3
Qg6 36. Bh3 h5 37. Nxd5 Rad8 38. Nxc7 g4 39. fxg4 Rxd4 40. Qe2 f3 41. Rxf3 hxg4
42. Rf2 gxh3+ 43. Kh1 Bc5 44. Rg1 Qxg1+ 45. Kxg1 Rg8+ 46. Kf1 Rdg4 47. Qd3 Rg1+
48. Ke2 R1g2 49. Be1 R8g3 50. hxg3 Bxf2 51. Bxf2 h2 52. Nxe6 Kxe6 53. c7 1-0

[Event "National interclub championship"]
[Site "Ans"]
[Date "1998.01.25"]
[Round "8"]
[White "Bauer, Christian"]
[Black "Cools, Gorik"]
[Result "1/2-1/2"]
[WhiteElo "2520"]
[BlackElo "2295"]
[Board "1"]
[WhiteTeam "La Tour d'Ans-Loncin"]
[BlackTeam "SK Moretus Hoboken"]
[WhiteTitle "GM"]
[BlackTitle "FM"]
[PlyCount "127"]
[EventDate "1997.10.05"]
[Source "BelgaBase"]

1. e4 c5 2. Nf3 d6 3. d4 cxd4 4. Nxd4 Nf6 5. Nc3 e6 6. g4 a6 7. g5 Nfd7 8. h4
b5 9. Bg2 Bb7 10. a3 Nc6 11. Nde2 Rc8 12. b3 Be7 13. Bb2 Nde5 14. f4 Ng4 15.
Qd2 h5 16. Nd1 e5 17. Ne3 Qb6 18. Nxg4 hxg4 19. f5 b4 20. a4 Na5 21. Rc1 Bc6
22. Qd3 Nb7 23. Ng3 Nc5 24. Qe2 Qb7 25. Qxg4 Bxa4 26. f6 gxf6 27. gxf6 Bxf6 28.
bxa4 Nxa4 29. Nf5 Rc6 30. Rb1 Qc7 31. O-O Rxc2 32. Bc1 Nc3 33. Bg5 Ne2+ 34. Kh1
Rg8 35. Rxb4 Nf4 36. Rb7 Rxg2 37. Qxg2 Qxb7 38. Nxd6+ Kf8 39. Nxb7 Nxg2 40.
Rxf6 Nxh4 41. Bh6+ Ke7 42. Rf2 Rg4 43. Nc5 f5 44. Kh2 Rg6 45. Bc1 fxe4 46. Nxe4
Rg4 47. Ng5 Ng6 48. Rf7+ Ke8 49. Rb7 Rd4 50. Be3 Rd7 51. Rb8+ Ke7 52. Kg3 Nf4
53. Bc5+ Kf6 54. Kg4 Nd5 55. Kh5 Kf5 56. Rf8+ Nf6+ 57. Kh6 e4 58. Bb4 Rd1 59.
Bc3 Rh1+ 60. Kg7 Kxg5 61. Rxf6 e3 62. Rxa6 Kf4 63. Ra3 Ke4 64. Kf6 1/2-1/2

[Event "National interclub championship"]
[Site "Ans"]
[Date "1998.01.25"]
[Round "8"]
[White "Plomp, Gordon"]
[Black "Cekro, Ekrem"]
[Result "0-1"]
[WhiteElo "2330"]
[BlackElo "2380"]
[Board "2"]
[WhiteTeam "SK Moretus Hoboken"]
[BlackTeam "La Tour d'Ans-Loncin"]
[BlackTitle "IM"]
[PlyCount "98"]
[EventDate "1997.10.05"]
[Source "BelgaBase"]

1. c4 c5 2. Nf3 g6 3. g3 Bg7 4. Bg2 Nc6 5. Nc3 e6 6. O-O Nge7 7. d4 Nxd4 8.
Nxd4 cxd4 9. Nb5 d5 10. cxd5 Qb6 11. d6 Qxb5 12. dxe7 Kxe7 13. a4 Qd7 14. b3
Rd8 15. Ba3+ Ke8 16. Qd2 Be5 17. Bb2 a5 18. Rad1 Ra6 19. Qg5 Bg7 20. e3 h6 21.
Qc5 Qd6 22. Qb5+ Bd7 23. Qe2 Qb6 24. Bxd4 Bxd4 25. Rxd4 Raa8 26. Qb2 h5 27. Rf4
Qd6 28. Bxb7 Rab8 29. Bf3 e5 30. Rc4 Kf8 31. Rd1 Qf6 32. Rf4 Bf5 33. Rc1 Kg7
34. Rfc4 Be6 35. Be2 Bxc4 36. Bxc4 e4 37. Qxf6+ Kxf6 38. Bb5 Rbc8 39. Bc4 Rd3
40. Rc2 Rd1+ 41. Kg2 Ke5 42. f3 Rcd8 43. fxe4 R8d2+ 44. Rxd2 Rxd2+ 45. Kf3 Rxh2
46. Bxf7 g5 47. g4 Rh3+ 48. Kf2 hxg4 49. Bd5 Rf3+ 0-1

[Event "National interclub championship"]
[Site "Ans"]
[Date "1998.01.25"]
[Round "8"]
[White "Maes, Wim"]
[Black "Roofthoofd, Marcel"]
[Result "1/2-1/2"]
[WhiteElo "2225"]
[BlackElo "2300"]
[Board "3"]
[WhiteTeam "La Tour d'Ans-Loncin"]
[BlackTeam "SK Moretus Hoboken"]
[BlackTitle "FM"]
[PlyCount "20"]
[EventDate "1997.10.05"]
[Source "BelgaBase"]

1. e4 e6 2. d3 d5 3. Nd2 c5 4. Ngf3 Nc6 5. g3 Nf6 6. Bg2 Be7 7. O-O O-O 8. Re1
dxe4 9. dxe4 e5 10. h3 h6 1/2-1/2

[Event "National interclub championship"]
[Site "Ans"]
[Date "1998.01.25"]
[Round "8"]
[White "Plomp, Erwin"]
[Black "Philippe, Christophe"]
[Result "0-1"]
[WhiteElo "2190"]
[BlackElo "2270"]
[Board "4"]
[WhiteTeam "SK Moretus Hoboken"]
[BlackTeam "La Tour d'Ans-Loncin"]
[PlyCount "84"]
[EventDate "1997.10.05"]
[Source "BelgaBase"]

1. d4 f5 2. Bg5 h6 3. Bh4 g5 4. Bg3 Nf6 5. e3 d6 6. Bd3 e6 7. c4 Qe7 8. Qc2 Bd7
9. Nc3 Nc6 10. a3 O-O-O 11. Nge2 Bg7 12. O-O-O Kb8 13. f3 Bc8 14. Bf2 Qf7 15.
Rhf1 e5 16. d5 Ne7 17. e4 b6 18. exf5 h5 19. Kb1 Nh7 20. Nb5 Bxf5 21. Be4 Bxe4
22. fxe4 Qg6 23. Ng3 a6 24. Nc3 Rhf8 25. Be3 Rxf1 26. Rxf1 Rf8 27. Rxf8+ Bxf8
28. Qf2 h4 29. Nf5 Nxf5 30. exf5 Qf7 31. Ne4 Be7 32. f6 Bxf6 33. Bxb6 Qg6 34.
Ba7+ Ka8 35. Qe3 Qf5 36. Ka2 Qf1 37. Nd2 Qxg2 38. Ne4 Qf1 39. Nd2 Qf4 40. Ne4
g4 41. Nf2 Qxc4+ 42. Kb1 Bg5 0-1

[Event "National interclub championship"]
[Site "Ans"]
[Date "1998.01.25"]
[Round "8"]
[White "Soetewey, Steven"]
[Black "Gulbas, Cemil"]
[Result "0-1"]
[WhiteElo "2180"]
[BlackElo "2190"]
[Board "6"]
[WhiteTeam "SK Moretus Hoboken"]
[BlackTeam "La Tour d'Ans-Loncin"]
[PlyCount "48"]
[EventDate "1997.10.05"]
[Source "BelgaBase"]

1. d4 Nf6 2. Nc3 c5 3. Bg5 cxd4 4. Qxd4 Nc6 5. Qh4 Qa5 6. O-O-O b5 7. e4 b4 8.
Bxf6 gxf6 9. Nd5 Qxa2 10. Nc7+ Kd8 11. Nxa8 Bb7 12. Qh3 Qa1+ 13. Kd2 Qxb2 14.
Nb6 axb6 15. Qe3 Nd4 16. Ne2 e5 17. Nxd4 exd4 18. Qd3 Bh6+ 19. Ke1 Re8 20. f3
Be3 21. Be2 Re5 22. Kf1 Rc5 23. c4 bxc3 24. Rb1 c2 0-1

[Event "National interclub championship"]
[Site "Eupen"]
[Date "1998.01.25"]
[Round "8"]
[White "de Wit, Dick"]
[Black "Thirion, Marcel"]
[Result "1-0"]
[WhiteElo "2335"]
[BlackElo "2220"]
[Board "2"]
[WhiteTeam "K Ghent S Ruy Lopez"]
[BlackTeam "SK Eupen '47"]
[PlyCount "111"]
[EventDate "1997.10.05"]
[Source "BelgaBase"]

1. e4 e5 2. Nf3 d6 3. d4 Nf6 4. Nc3 Nbd7 5. Bc4 h6 6. Be3 c6 7. Bb3 Be7 8. Nh4
b5 9. Nf5 O-O 10. Qf3 exd4 11. Qg3 Nh5 12. Qg6 Ne5 13. Nxh6+ Kh8 14. Nxf7+ Nxf7
15. Bxf7 Rxf7 16. Qxf7 dxe3 17. Qxh5+ Kg8 18. fxe3 Be6 19. O-O Bf6 20. e5 Bxe5
21. Ne4 Qe8 22. Qxe8+ Rxe8 23. c3 Bc4 24. Rf2 d5 25. Nd2 Bd3 26. Nf3 Bf6 27.
Rd2 Be4 28. Kf2 a5 29. a4 Bd8 30. Nd4 Bh4+ 31. g3 Bg5 32. h4 Rf8+ 33. Ke2 Bh6
34. axb5 c5 35. Ne6 Rf3 36. Nf4 Rxg3 37. Rf1 c4 38. b6 Bd3+ 39. Rxd3 cxd3+ 40.
Kxd3 Bxf4 41. Rxf4 Rg6 42. Ra4 Rxb6 43. Rxa5 Rxb2 44. Rxd5 Rh2 45. Rd4 Kf7 46.
Rg4 Kf6 47. c4 g6 48. Re4 Kf5 49. c5 Ra2 50. Rc4 Ke5 51. c6 Ra3+ 52. Ke2 Ra8
53. Kf3 Kd5 54. Rc3 Kd6 55. c7 Rc8 56. Kf4 1-0

[Event "National interclub championship"]
[Site "Eupen"]
[Date "1998.01.25"]
[Round "8"]
[White "Defize, Alain"]
[Black "Van der Stricht, Geert"]
[Result "1/2-1/2"]
[WhiteElo "2250"]
[BlackElo "2300"]
[Board "3"]
[WhiteTeam "FM"]
[WhiteTitle "SK Eupen '47"]
[BlackTitle "K Ghent S Ruy Lopez"]
[PlyCount "55"]
[EventDate "1997.10.05"]
[Source "BelgaBase"]

1. d4 Nf6 2. c4 e6 3. Nc3 Bb4 4. Qc2 O-O 5. Nf3 b6 6. Bg5 Bb7 7. e3 h6 8. Bh4
c5 9. O-O-O cxd4 10. Nxd4 d5 11. Be2 Nbd7 12. g4 dxc4 13. Rhg1 g5 14. Nxe6 fxe6
15. Qg6+ Kh8 16. Qxh6+ Nh7 17. Qxe6 Qf6 18. Qxf6+ Ndxf6 19. Bg3 Rac8 20. Be5
Kg8 21. f4 a6 22. h4 gxh4 23. g5 Ne8 24. Rd7 Bxc3 25. bxc3 Be4 26. Bg4 Rc6 27.
Re7 Rg6 28. Rd1 1/2-1/2

[Event "National interclub championship"]
[Site "Eupen"]
[Date "1998.01.25"]
[Round "8"]
[White "Goormachtigh, Johan"]
[Black "Renet, Jacques"]
[Result "1/2-1/2"]
[WhiteElo "2310"]
[BlackElo "2260"]
[Board "4"]
[WhiteTeam "K Ghent S Ruy Lopez"]
[BlackTeam "SK Eupen '47"]
[WhiteTitle "FM"]
[PlyCount "141"]
[EventDate "1997.10.05"]
[Source "BelgaBase"]

1. d4 g6 2. c4 Bg7 3. e4 d6 4. Nc3 f5 5. exf5 Bxf5 6. Nf3 Nf6 7. Bd3 Bg4 8. Be2
O-O 9. Qb3 Nc6 10. Be3 Qd7 11. h3 Bxf3 12. Bxf3 e5 13. Bxc6 Qxc6 14. d5 Qd7 15.
Qxb7 Rfb8 16. Qa6 Rxb2 17. O-O e4 18. Rab1 Rxb1 19. Rxb1 Ng4 20. hxg4 Bxc3 21.
Qc6 Qxc6 22. dxc6 Ba5 23. Rb7 a6 24. Ba7 Rf8 25. Rb3 Kf7 26. Ra3 Bb4 27. Rb3
Ba5 28. Rh3 Kg8 29. Bd4 Rb8 30. Rg3 Rb1+ 31. Kh2 Bb6 32. Be3 Rb4 33. c5 Bxc5
34. Bxc5 dxc5 35. Rc3 Rb2 36. Kg3 Rxa2 37. Rc4 Kf7 38. Rxc5 Ra3+ 39. Kf4 Rd3
40. Ra5 Rd2 41. Ke3 Rc2 42. Rxa6 Ke6 43. Ra4 Kd5 44. Rd4+ Kxc6 45. Rxe4 Rc1 46.
Rd4 Re1+ 47. Kd2 Re7 48. Kc3 g5 49. Ra4 Kd5 50. Rd4+ Kc5 51. Rc4+ Kb5 52. Rb4+
Ka5 53. Rc4 Kb6 54. Rb4+ Kc5 55. Rc4+ Kd5 56. Rd4+ Ke5 57. Kc4 Rf7 58. Rd5+ Ke6
59. f3 Rf4+ 60. Kc5 Ra4 61. Rd8 Ra2 62. Rh8 Rxg2 63. Rxh7 Rc2+ 64. Kd4 c5+ 65.
Ke4 Rc4+ 66. Ke3 Ra4 67. Rg7 Kf6 68. Rg8 Rd4 69. Rf8+ Ke6 70. Re8+ Kf6 71. Rf8+
1/2-1/2

[Event "National interclub championship"]
[Site "Eupen"]
[Date "1998.01.25"]
[Round "8"]
[White "Siahaan, Dipanegara"]
[Black "Deleyn, Gunter"]
[Result "0-1"]
[WhiteElo "2065"]
[BlackElo "2225"]
[Board "7"]
[WhiteTeam "SK Eupen '47"]
[BlackTeam "K Ghent S Ruy Lopez"]
[BlackTitle "FM"]
[PlyCount "130"]
[EventDate "1997.10.05"]
[Source "BelgaBase"]

1. d4 Nf6 2. c4 e6 3. Nc3 Bb4 4. Qc2 c5 5. dxc5 Nc6 6. Nf3 Bxc5 7. Bg5 Be7 8.
e3 h6 9. Bh4 O-O 10. Be2 b6 11. O-O Bb7 12. Rfd1 Rc8 13. Rd2 Na5 14. b3 d5 15.
Qb2 Qe8 16. cxd5 Nxd5 17. Bxe7 Qxe7 18. Nxd5 Bxd5 19. Rc1 Qb7 20. Rdc2 Be4 21.
Rc3 Nc6 22. Nd2 Bd5 23. Bf1 Ne7 24. Qa3 Rxc3 25. Rxc3 Nf5 26. e4 Bxe4 27. Nxe4
Qxe4 28. Qxa7 Ra8 29. Qxb6 Rxa2 30. Qd8+ Kh7 31. Qd3 Qxd3 32. Rxd3 e5 33. Rc3
Nd4 34. g3 Rb2 35. Bc4 e4 36. Kg2 f5 37. Bd5 Rd2 38. Bc4 g5 39. h3 f4 40. gxf4
gxf4 41. Kg1 Rd1+ 42. Kg2 Rd2 43. Kg1 Rb2 44. Rc1 Kg6 45. Ra1 Nf3+ 46. Kg2 Ng5
47. h4 Nf3 48. Ra6+ Kf5 49. Rxh6 Rb1 50. Be6+ Ke5 51. Bc4 Rg1+ 52. Kh3 Rh1+ 53.
Kg4 Rg1+ 54. Kh5 Rg2 55. Re6+ Kf5 56. Bd5 Rh2 57. Kh6 Rxh4+ 58. Kg7 Rg4+ 59.
Kf8 Ng5 60. Ra6 Ke5 61. Ra5 Kd4 62. Ba8 f3 63. Ke7 Nh3 64. Ra4+ Kd3 65. b4 Nxf2
0-1

[Event "National interclub championship"]
[Site "Brussels"]
[Date "1998.02.08"]
[Round "9"]
[White "Cekro, Ekrem"]
[Black "Bolzoni, Victor-Angel"]
[Result "1-0"]
[WhiteElo "2380"]
[BlackElo "2250"]
[Board "2"]
[WhiteTeam "La Tour d'Ans-Loncin"]
[BlackTeam "CRÉ Brussels"]
[WhiteTitle "IM"]
[BlackTitle "FM"]
[PlyCount "125"]
[EventDate "1997.10.05"]
[Source "BelgaBase"]

1. c4 Nf6 2. g3 c6 3. b3 d5 4. Bb2 Bf5 5. Nf3 e6 6. Bg2 h6 7. O-O Be7 8. d3 O-O
9. Nbd2 Bh7 10. Qc2 Na6 11. a3 Qc7 12. b4 Rac8 13. Rac1 Rfd8 14. Qb1 Qd7 15.
Nb3 b6 16. Ne5 Qe8 17. Nd4 Nb8 18. b5 c5 19. Ndc6 Nxc6 20. Nxc6 Rd7 21. e4 dxe4
22. dxe4 Rcc7 23. Qc2 Bf8 24. Qe2 Kh8 25. Bc3 Ng8 26. Qf3 f6 27. Bh3 Bg6 28. a4
Bf7 29. a5 Ne7 30. e5 f5 31. axb6 axb6 32. Bg2 Nxc6 33. bxc6 Rd8 34. Rb1 Rb8
35. Rb5 Bh5 36. Qe3 Rxc6 37. Bxc6 Qxc6 38. Ba5 Be7 39. Rfb1 Bd8 40. R5b2 Bc7
41. h3 Qa4 42. Bxb6 Bxb6 43. Rxb6 Rxb6 44. Rxb6 Qd1+ 45. Kg2 Be2 46. Rxe6 Bf1+
47. Kh2 Qh5 48. h4 Qg4 49. Kg1 Qxc4 50. Rd6 Bh3 51. Qd3 Qc1+ 52. Qd1 Qb2 53.
Qd5 Qe2 54. Rd8+ Kh7 55. Qg8+ Kg6 56. Rd6+ Kh5 57. Qf7+ Kg4 58. Rg6+ Kf3 59.
Qd5+ Qe4 60. Qd1+ Qe2 61. Qxe2+ Kxe2 62. e6 f4 63. g4 1-0

[Event "National interclub championship"]
[Site "Brussels"]
[Date "1998.02.08"]
[Round "9"]
[White "Maes, Wim"]
[Black "Kerkhof, Philippe"]
[Result "1-0"]
[WhiteElo "2225"]
[BlackElo "2240"]
[Board "4"]
[WhiteTeam "La Tour d'Ans-Loncin"]
[BlackTeam "CRÉ Brussels"]
[PlyCount "137"]
[EventDate "1997.10.05"]
[Source "BelgaBase"]

1. e4 d6 2. d4 Nf6 3. Nc3 g6 4. Be3 c6 5. Nf3 b5 6. Bd3 Bg7 7. h3 Bb7 8. Qd2
O-O 9. O-O Re8 10. Rfe1 e5 11. dxe5 dxe5 12. Rad1 a6 13. Bh6 Nbd7 14. Qg5 Bxh6
15. Qxh6 Qe7 16. Bf1 Rad8 17. Qe3 Qc5 18. Qxc5 Nxc5 19. Rxd8 Rxd8 20. Nxe5 Re8
21. Nd3 Ncxe4 22. Nxe4 Rxe4 23. Rxe4 Nxe4 24. f3 Nf6 25. Nc5 Bc8 26. Kf2 Kf8
27. Ke3 Ke7 28. Kd4 Kd6 29. b4 h6 30. a3 Nd7 31. Nxd7 Bxd7 32. f4 f6 33. h4 Be8
34. Be2 Bf7 35. Bg4 Bd5 36. g3 f5 37. Be2 Be4 38. c3 h5 39. c4 Bg2 40. Bd1 Be4
41. Bb3 Bf3 42. Ke3 Bg4 43. cxb5 axb5 44. Bf7 Ke7 45. Bxg6 Ke6 46. Be8 Kd6 47.
Kd4 Bd1 48. Bf7 Be2 49. Bb3 Bf3 50. Bc2 Bg4 51. Bd3 Ke6 52. Kc5 Kd7 53. Bc2 Kc7
54. Bb3 Bf3 55. a4 bxa4 56. Bxa4 Kd7 57. Bc2 Bg4 58. Bd3 Kc7 59. b5 cxb5 60.
Bxb5 Bf3 61. Bd3 Kd7 62. Bxf5+ Ke7 63. Kd4 Kf6 64. Ke3 Bd1 65. Be4 Ba4 66. Bf3
Be8 67. Kf2 Kf5 68. Bd1 Kf6 69. Bc2 1-0

[Event "National interclub championship"]
[Site "Brussels"]
[Date "1998.02.08"]
[Round "9"]
[White "Wiley, Tom E"]
[Black "Goossens, Étienne"]
[Result "1-0"]
[WhiteElo "2270"]
[BlackElo "2130"]
[Board "5"]
[WhiteTeam "CRÉ Brussels"]
[BlackTeam "La Tour d'Ans-Loncin"]
[PlyCount "81"]
[EventDate "1997.10.05"]
[Source "BelgaBase"]

1. d4 Nf6 2. c4 g6 3. Nc3 Bg7 4. e4 d6 5. Nf3 O-O 6. Be3 e5 7. dxe5 dxe5 8.
Qxd8 Rxd8 9. Nd5 Rd7 10. Nxf6+ Bxf6 11. c5 Kg7 12. Bb5 Rd8 13. Ke2 Be6 14. b3
c6 15. Bd3 Nd7 16. Rac1 h6 17. Bc4 Nf8 18. Nd2 Be7 19. Rhd1 f5 20. f3 Bg5 21.
exf5 gxf5 22. Bxe6 Nxe6 23. Nc4 Nf4+ 24. Bxf4 Bxf4 25. Ne3 Kf6 26. g3 Bxe3 27.
Kxe3 a5 28. g4 fxg4 29. fxg4 Rxd1 30. Rxd1 Kg5 31. Rd7 Rb8 32. Ke4 Kxg4 33.
Kxe5 b6 34. Kd6 bxc5 35. Kxc6 a4 36. bxa4 Kh3 37. Kxc5 Kxh2 38. Rh7 Ra8 39. Kb6
Kg3 40. Kb5 Kf4 41. a5 1-0

[Event "National interclub championship"]
[Site "Brussels"]
[Date "1998.02.08"]
[Round "9"]
[White "Gulbas, Cemil"]
[Black "Johannes, Alex"]
[Result "1/2-1/2"]
[WhiteElo "2190"]
[BlackElo "2155"]
[Board "6"]
[WhiteTeam "La Tour d'Ans-Loncin"]
[BlackTeam "CRÉ Brussels"]
[PlyCount "60"]
[EventDate "1997.10.05"]
[Source "BelgaBase"]

1. e4 e5 2. Nc3 Nc6 3. f4 exf4 4. Nf3 g5 5. Bc4 g4 6. O-O gxf3 7. d4 Nxd4 8.
Bxf4 Bc5 9. Kh1 d6 10. Be3 fxg2+ 11. Kxg2 Be6 12. Bxd4 Bxc4 13. Bxh8 Bxf1+ 14.
Qxf1 Qd7 15. Bf6 Nxf6 16. Qxf6 Qe6 17. Qh4 Kd7 18. Nd5 Rg8+ 19. Kf3 Bd4 20. c3
Be5 21. Ne3 Bf6 22. Qh5 Be5 23. Rf1 Qg6 24. Qh4 c6 25. Ke2 Re8 26. Rf5 Kc7 27.
Kd2 f6 28. Rh5 Re7 29. Rh6 Qf7 30. Kc2 Rd7 1/2-1/2

[Event "National interclub championship"]
[Site "Brussels"]
[Date "1998.02.08"]
[Round "9"]
[White "Luminet, Denis"]
[Black "Hautot, Stéphane"]
[Result "1-0"]
[WhiteElo "2285"]
[BlackElo "2055"]
[Board "7"]
[WhiteTeam "CRÉ Brussels"]
[BlackTeam "La Tour d'Ans-Loncin"]
[PlyCount "57"]
[EventDate "1997.10.05"]
[Source "BelgaBase"]

1. d4 d5 2. Nf3 Nf6 3. c4 c6 4. e3 e6 5. Nbd2 Nbd7 6. Bd3 dxc4 7. Nxc4 b5 8.
Ncd2 a6 9. O-O c5 10. Qe2 Bb7 11. a4 c4 12. Bc2 Nd5 13. e4 Nf4 14. Qe3 g5 15.
g3 Nh3+ 16. Kg2 g4 17. b3 c3 18. Qxc3 Rc8 19. Qd3 h5 20. axb5 h4 21. Ne5 hxg3
22. fxg3 Nxe5 23. dxe5 Qg5 24. bxa6 Ba8 25. b4 Bxb4 26. Qb5+ Bc6 27. Qxb4 Qe3
28. Ba3 Qe2+ 29. Kh1 1-0

[Event "National interclub championship"]
[Site "Brussels"]
[Date "1998.02.08"]
[Round "9"]
[White "Vandervorst, Pascal"]
[Black "Duhayon, Yves"]
[Result "0-1"]
[WhiteElo "2295"]
[BlackElo "2145"]
[Board "8"]
[WhiteTeam "La Tour d'Ans-Loncin"]
[BlackTeam "CRÉ Brussels"]
[PlyCount "46"]
[EventDate "1997.10.05"]
[Source "BelgaBase"]

1. e4 e5 2. Nc3 Nf6 3. Bc4 Nc6 4. d3 Na5 5. Bb3 Nxb3 6. axb3 Bb4 7. f4 d6 8.
Nf3 exf4 9. O-O Bxc3 10. bxc3 Nh5 11. Nd4 g6 12. Qf3 O-O 13. Ne2 f5 14. exf5
Rxf5 15. Ra4 Bd7 16. Nd4 Bxa4 17. Nxf5 Bc6 18. Nh6+ Kg7 19. Nf5+ Kh8 20. Qd1
Qg5 21. Ng3 Qc5+ 22. d4 Qd5 23. Qe2 fxg3 0-1

[Event "National interclub championship"]
[Site "Antwerp"]
[Date "1998.02.08"]
[Round "9"]
[White "Ahn, Martin"]
[Black "Knoppert, Erik"]
[Result "1-0"]
[WhiteElo "2310"]
[BlackElo "2385"]
[Board "4"]
[WhiteTeam "SK Rochade Eupen"]
[BlackTeam "K Antwerp SK"]
[WhiteTitle "FM"]
[BlackTitle "FM"]
[PlyCount "57"]
[EventDate "1997.10.05"]
[Source "BelgaBase"]

1. e4 c5 2. Nf3 d6 3. d4 cxd4 4. Nxd4 Nf6 5. Nc3 Nc6 6. Be3 Ng4 7. Bb5 Bd7 8.
O-O Nxe3 9. fxe3 e6 10. Bxc6 bxc6 11. Qf3 Qe7 12. e5 d5 13. b4 g6 14. b5 c5 15.
e4 Bg7 16. exd5 O-O 17. Nc6 Bxc6 18. dxc6 Bxe5 19. Rae1 Qc7 20. Ne4 a6 21. a4
c4 22. Kh1 axb5 23. axb5 Rab8 24. Nc5 Qd6 25. Nd7 Rxb5 26. Rd1 Qe7 27. Nxf8
Qxf8 28. Rd7 f5 29. c7 1-0

[Event "National interclub championship"]
[Site "Antwerp"]
[Date "1998.02.08"]
[Round "9"]
[White "Dutreeuw, Marc"]
[Black "Meessen, Rudolf"]
[Result "1-0"]
[WhiteElo "2405"]
[BlackElo "2310"]
[Board "5"]
[WhiteTeam "K Antwerp SK"]
[BlackTeam "SK Rochade Eupen"]
[WhiteTitle "IM"]
[PlyCount "88"]
[EventDate "1997.10.05"]
[Source "BelgaBase"]

1. e4 e6 2. d4 d5 3. Nc3 Bb4 4. exd5 exd5 5. Bd3 Nc6 6. a3 Bxc3+ 7. bxc3 Nge7
8. Rb1 b6 9. Qf3 Be6 10. Ne2 Qd7 11. Ng3 O-O-O 12. h3 f6 13. O-O Kb8 14. Re1
Ng6 15. Nh5 Rhg8 16. Bf4 Bf7 17. Bg3 Rde8 18. Bb5 Kb7 19. Qd3 Nge7 20. Qxh7 a6
21. Bd3 f5 22. Nf4 Ref8 23. h4 g6 24. Qh6 Nc8 25. Qg5 Nd6 26. f3 Rg7 27. Qf6
Rfg8 28. Ne6 Ne4 29. Nc5+ Nxc5 30. dxc5 Be8 31. cxb6 cxb6 32. Qd6 Qxd6 33. Bxd6
g5 34. hxg5 Rxg5 35. Bf1 Bh5 36. Kf2 R8g6 37. Bf4 Rg7 38. Bxg5 Rxg5 39. Re6 f4
40. Bxa6+ Kc7 41. Bb5 Ne5 42. Re1 Nc4 43. Rc6+ Kd8 44. Bxc4 dxc4 1-0

[Event "National interclub championship"]
[Site "Antwerp"]
[Date "1998.02.08"]
[Round "9"]
[White "Coenen, Norbert"]
[Black "van Gaalen, Bas"]
[Result "1-0"]
[WhiteElo "2335"]
[BlackElo "2355"]
[Board "6"]
[WhiteTeam "SK Rochade Eupen"]
[BlackTeam "K Antwerp SK"]
[WhiteTitle "FM"]
[PlyCount "97"]
[EventDate "1997.10.05"]
[Source "BelgaBase"]

1. e4 c5 2. Nf3 d6 3. Bb5+ Nd7 4. O-O Ngf6 5. Re1 a6 6. Bf1 b6 7. c3 Bb7 8. d3
e5 9. Nbd2 Be7 10. g3 O-O 11. Bh3 g6 12. a4 Ne8 13. d4 cxd4 14. cxd4 exd4 15.
Nxd4 Bf6 16. Nf1 Nc5 17. Bh6 Ng7 18. f3 Re8 19. b4 Nce6 20. Nxe6 Nxe6 21. Rc1
d5 22. e5 Bh8 23. Qd3 a5 24. f4 axb4 25. Ne3 Nc5 26. Qb5 Ra5 27. Qxb4 Rxa4 28.
Qb1 d4 29. Red1 Qc7 30. Qb5 Rea8 31. Nc4 Bf3 32. Nxb6 Bxd1 33. Nxa8 Rxa8 34.
Qxc5 Qxc5 35. Rxc5 d3 36. Kf2 Bg7 37. Bxg7 Kxg7 38. Ke3 Rd8 39. Kd2 Bb3 40. Rc3
Bc2 41. Bf1 Ra8 42. Bxd3 Bxd3 43. Kxd3 Ra7 44. g4 Ra4 45. Rc4 Ra7 46. f5 gxf5
47. gxf5 h5 48. Ke4 Kh6 49. Kf4 1-0

[Event "National interclub championship"]
[Site "Leuven"]
[Date "1998.02.08"]
[Round "9"]
[White "Claesen, Jeroen"]
[Black "Schebler, Gerhard"]
[Result "1-0"]
[WhiteElo "2320"]
[BlackElo "2450"]
[Board "1"]
[WhiteTeam "LV Leuven"]
[BlackTeam "SK Eupen '47"]
[WhiteTitle "FM"]
[BlackTitle "IM"]
[PlyCount "82"]
[EventDate "1997.10.05"]
[Source "BelgaBase"]

1. e4 c5 2. Nc3 Nc6 3. g3 g6 4. Bg2 Bg7 5. d3 d6 6. Be3 e6 7. f4 Nge7 8. Nf3
O-O 9. O-O Nd4 10. e5 Bd7 11. Ne4 Nef5 12. Bf2 Bc6 13. c3 Nxf3+ 14. Bxf3 dxe5
15. fxe5 Rc8 16. Nxc5 b6 17. Bxc6 Rxc6 18. Ne4 Bxe5 19. Qf3 Rc7 20. d4 Bg7 21.
g4 Nd6 22. Bg3 Nxe4 23. Bxc7 Qd5 24. Rae1 f5 25. a3 h5 26. h3 hxg4 27. hxg4 Qd7
28. Bf4 Qd5 29. Be5 Bh6 30. Re2 Qb5 31. gxf5 exf5 32. Rg2 Qe8 33. Qh5 Kh7 34.
Qh3 Qe6 35. Bf4 g5 36. Bxg5 Nxg5 37. Rxg5 Qe4 38. Rh5 Rg8+ 39. Kh2 Rg6 40.
Rhxf5 Kg8 41. R5f3 Rg4 1-0

[Event "National interclub championship"]
[Site "Leuven"]
[Date "1998.02.08"]
[Round "9"]
[White "Hausrath, Daniel"]
[Black "Vanderwaeren, Serge"]
[Result "1-0"]
[WhiteElo "2400"]
[BlackElo "2320"]
[Board "2"]
[WhiteTeam "SK Eupen '47"]
[BlackTeam "LV Leuven"]
[WhiteTitle "IM"]
[BlackTitle "FM"]
[PlyCount "95"]
[EventDate "1997.10.05"]
[Source "BelgaBase"]

1. Nf3 e6 2. g3 b6 3. Bg2 Bb7 4. c4 Nf6 5. O-O g6 6. d4 Bg7 7. Nc3 Ne4 8. Qc2
Nxc3 9. bxc3 d6 10. Ng5 Bxg2 11. Kxg2 Nd7 12. f4 O-O 13. e4 h6 14. Nf3 f5 15.
e5 dxe5 16. fxe5 Qe8 17. h4 Rf7 18. Bf4 Nf8 19. Qd2 Qc6 20. Bxh6 Qxc4 21. Bf4
c5 22. Rac1 Rd7 23. Qb2 Qd5 24. Rfd1 cxd4 25. cxd4 Rad8 26. Kf2 Qb7 27. Qb3 Rd5
28. Rd2 Rc8 29. Rxc8 Qxc8 30. Rc2 Qd7 31. Qc4 Ra5 32. Bd2 Rd5 33. Bb4 b5 34.
Qc3 Bh6 35. Bd6 b4 36. Qxb4 Rb5 37. Qc4 Rb7 38. d5 exd5 39. Qxd5+ Kh7 40. Nd4
Bg7 41. Kg2 Rb6 42. Rc7 Rb2+ 43. Kh3 g5 44. hxg5 Qe8 45. Rf7 Kh8 46. Bxf8 Bxf8
47. g6 Bg7 48. Qf3 1-0

[Event "National interclub championship"]
[Site "Leuven"]
[Date "1998.02.08"]
[Round "9"]
[White "Van Mechelen, Jan"]
[Black "Kern, Guido"]
[Result "1-0"]
[WhiteElo "2265"]
[BlackElo "2395"]
[Board "3"]
[WhiteTeam "LV Leuven"]
[BlackTeam "SK Eupen '47"]
[WhiteTitle "FM"]
[BlackTitle "IM"]
[PlyCount "129"]
[EventDate "1997.10.05"]
[Source "BelgaBase"]

1. e4 e6 2. d3 d5 3. Nd2 c5 4. Ngf3 Nc6 5. g3 Bd6 6. Bg2 Nge7 7. O-O O-O 8. Nh4
Bc7 9. f4 f5 10. exf5 exf5 11. Re1 Bd7 12. Nhf3 h6 13. c3 Rb8 14. Nf1 Be8 15.
Be3 b6 16. Bf2 Bf7 17. a3 a5 18. Rb1 Bd6 19. Ne3 Qc7 20. d4 Rbd8 21. Rc1 c4 22.
Qc2 g6 23. Rcd1 Qc8 24. Rd2 Kh8 25. Ne5 Bxe5 26. dxe5 Rd7 27. Qd1 Be6 28. Nc2
Qc7 29. Qe2 Kh7 30. Red1 Rfd8 31. h4 h5 32. Ne1 b5 33. Nf3 Bg8 34. Ng5+ Kh6 35.
e6 Rd6 36. Bc5 Kg7 37. Bxd6 Qxd6 38. Kh2 Qc5 39. Nf3 Rd6 40. Ng5 Kf6 41. Re1 b4
42. axb4 axb4 43. Rdd1 Kg7 44. Qe3 Qxe3 45. Rxe3 Kf6 46. Rde1 Rd8 47. b3 d4 48.
cxd4 Nxd4 49. bxc4 Nc2 50. Bd5 b3 51. R3e2 Nxe1 52. Rxe1 b2 53. Rb1 Nxd5 54.
cxd5 Rxd5 55. Rxb2 Rd8 56. Rb7 Re8 57. Kg2 Re7 58. Rb8 Kg7 59. Rb6 Kf6 60. Kf3
Re8 61. Rd6 Bxe6 62. Ke3 Re7 63. Kd4 Re8 64. Nxe6 Rxe6 65. Kd5 1-0